000
00183 a2200097 4500
020
_a
9789501108972
041
_a
spa
100
_a
sigmar
245
_a
bebe daisy de fiesta
942
_c
K
999
_c
28766
_d
28766